Az erdélyi menekült tanulók helyzete és sorsa Magyarországon társadalomtörténeti megközelítésben, 1916-1917

Just as nowadays, it has always been an important task to settle and integrate refugees, at least temporarily. One of the most important challenges is the education of refugee students. Based on archival sources and the relevant international literature, I intend to accomplish two objectives in my s...

Teljes leírás

Elmentve itt :
Bibliográfiai részletek
Szerző: Szabó Róbert Károly
Dokumentumtípus: Cikk
Megjelent: 2023
Sorozat:Aetas 38 No. 2
Kulcsszavak:Társadalomtörténet - erdélyi - Magyarország - 1916-1917
Tárgyszavak:
doi:10.14232/aetas.2023.1.121-148

Online Access:http://acta.bibl.u-szeged.hu/84558
LEADER 01637nab a2200241 i 4500
001 acta84558
005 20240314135013.0
008 240314s2023 hu o 0|| hun d
022 |a 0237-7934 
024 7 |a 10.14232/aetas.2023.1.121-148  |2 doi 
040 |a SZTE Egyetemi Kiadványok Repozitórium  |b hun 
041 |a hun 
041 |a eng 
100 1 |a Szabó Róbert Károly 
245 1 3 |a Az erdélyi menekült tanulók helyzete és sorsa Magyarországon társadalomtörténeti megközelítésben, 1916-1917  |h [elektronikus dokumentum] /  |c  Szabó Róbert Károly 
260 |c 2023 
300 |a 121-148 
490 0 |a Aetas  |v 38 No. 2 
520 3 |a Just as nowadays, it has always been an important task to settle and integrate refugees, at least temporarily. One of the most important challenges is the education of refugee students. Based on archival sources and the relevant international literature, I intend to accomplish two objectives in my study. On one hand, I am looking to answer the question how much Hungarian state education and civil society contributed to aiding the refugees from Transylvania after the Romanian attack in 1916. On the other hand, based on empirical research in social history, I would also like to highlight the consequences of the presence of refugee students and teachers in Hungarian schools, especially focusing on the changes in learning outcomes. 
650 4 |a Bölcsészettudományok 
650 4 |a Történettudomány és régészet 
695 |a Társadalomtörténet - erdélyi - Magyarország - 1916-1917 
856 4 0 |u http://acta.bibl.u-szeged.hu/84558/1/aetas_2023_002_121-148.pdf  |z Dokumentum-elérés